| 000 | 00441nam a22001697a 4500 | ||
|---|---|---|---|
| 003 | NUST | ||
| 005 | 20220823112820.0 | ||
| 008 | 220823b ||||| |||| 00| 0 eng d | ||
| 020 | _a9781982170523 | ||
| 038 | _aAzhar | ||
| 082 |
_a958.1046092 _bBER |
||
| 100 |
_aPeter Bergen _998343 |
||
| 245 |
_a The rise and fall of Osama bin Laden _cPeter Bergen |
||
| 260 |
_aNew York _bSimon and Schuster _c2021 |
||
| 300 | _a384p | ||
| 942 |
_2ddc _cLC |
||
| 999 |
_c591269 _d591269 |
||